| 000 | 00898nam a22001817a 4500 | ||
|---|---|---|---|
| 005 | 20250605111809.0 | ||
| 010 | _aHIN-129786 | ||
| 020 |
_a9789382482055 _c395.00 |
||
| 035 | _aHN-102132 | ||
| 037 | _bDBAD | ||
| 082 | _a820.8 | ||
| 100 |
_aरॉय, सुभाष चन्द्र _981702 |
||
| 245 |
_aदिनकर के काव्य में इतिहास एवं राजनीति/ _cसुभाष चन्द्र रॉय |
||
| 260 |
_aदिल्ली _bगौरव बुक डिस्ट्रीब्यूटर |
||
| 270 |
_aमाकन नंबर 45, ग्राउंड फ्लोर , शिवाजी मार्ग, गली नंबर 5 करतार नगर _bदिल्ली _e110053 |
||
| 300 |
_a144पृ. _c22 सेमी (सजिल्द ) |
||
| 942 |
_2ddc _cHN _h820.8 _mरॉयसु _e1 |
||
| 999 |
_c211603 _d211603 |
||